| 000 | 00789nam a2200241 i 4500 | ||
|---|---|---|---|
| 001 | 94164 | ||
| 003 | ES-MaACL | ||
| 005 | 20230906181421.0 | ||
| 007 | t| | ||
| 008 | 050629s2003 xxk ||||1| eng d | ||
| 020 | _a1-85566-091-1 | ||
| 080 | _a821.134.2 Valle-Inclán, Ramón del 1.07 | ||
| 100 | 1 |
_aLima, Robert. _972308 |
|
| 245 | 1 | 4 |
_aThe dramatic world of Valle-Inclán / _cRobert Lima. |
| 250 | _a1st. ed. | ||
| 260 |
_aWoodbridge (UK) : _bTamesis, _c2003. |
||
| 300 |
_aX, 296 p. ; _c25 cm. |
||
| 490 | 1 |
_aTamesis. Serie A, Monografías ; _v198 |
|
| 600 | 1 | 4 |
_aValle-Inclán, Ramón del, _d1866-1936- _xCrítica e interpretación _9112800 |
| 830 | 0 |
_aTamesis. Serie A, Monografías ; _v198 _9184317 |
|
| 852 |
_aES-MaACL _jL-29205 _bR.135718 |
||
| 999 |
_c94164 _d94164 |
||